Normal view
MARC view
Entry Personal Name
001 - CONTROL NUMBER
- control field: 88731
003 - CONTROL NUMBER IDENTIFIER
- control field: dpl
005 - DATE AND TIME OF LATEST TRANSACTION
- control field: 20260323130100.0
008 - FIXED-LENGTH DATA ELEMENTS
- fixed length control field: 260323|| aca||aabn | a|a d
040 ## - CATALOGING SOURCE
- Original cataloging agency: dpl
- Transcribing agency: dpl
100 ## - HEADING--PERSONAL NAME
- Personal name: अंजना प्रकाश
670 ## - SOURCE DATA FOUND
- Source citation: Work cat.: (dpl)215742: अंजना प्रकाश , भारतीय न्याय संहिता, 2023/, 2024
